1921 1273 1538 1649 1312 1814 1223 1388 1766 1172 1105 1748 1018 1180 1610 1611 1656 1795 1064 1149 1710 1257 1355 1964 1807 1195 1277 1622 1790 1898 1843 1929 1392 1693 1167 1834 1807 1810 1737 1282 1910 1455 1421 1483 1879 1610 1889 1220 1262 1738 1757 1307 1662 1725 1891 1942 1485 1988 1474 1117 1851 1074 1265 1020 1208 1958 1328 1527 1382 1387 1259 1073 1726 1651 1530 1552 1495 1120 1920 1288 1898 1091 1511 1215 1872 1165 1932 1876 1298 1856 1294 1209 1032 1550 1470 1080 1084 1593 1791 BCNSPRNW ULIB Ver.6.0+V

เปลี่ยนเป็นภาษาไทย

Change to English
 แสดงรายละเอียดบรรณานุกรม
  กลับหน้าหลัก

Brief Record : Get Marc (ISO 2709) : E-mail record : QR code < ปิดหน้าต่าง
LEADER : 00000nam 2200000uu 4500
001    13399111061
003     ULIB
008    110615s||||||||th 000 0 tha d
020    9789749965597
050  4 BF412^bค439 2551
100 1  ฮอร์สัน, ทิม
245 10 คิดอย่างอัจฉริยะ =^bThink better /^cเขียน: Tim Hurson ;พรศักดิ์ อุรัทฉัทชัยรัตน์, แปลและเรียบเรียง
246 31 Think better
260    กรุงเทพฯ :^bแมคกรอ-ฮิล,^c[2551]
300    232 หน้า :^bภาพประกอบ ;^c23 ซม.
650  7 ความคิดสร้างสรรค์
650  7 ความคิดและการคิด
700 0  พรศักดิ์ อุรัทฉัทชัยรัตน์,^eผู้แปล
700 12 Hurson, Tim.^tThink better
945    ^p235^l0^i024948
945    ^p235^l0^i024947
995    ทศพร
999 ^a ใช้งานได้ทุกระบบ
รายการนี้ยังไม่มีแท็ก
คุณยังไม่ได้ล็อกอิน คุณสามารถมีกิจกรรมร่วมกับเว็บไซต์ได้ แต่ต้องล็อกอินก่อน ::
  ล็อกอิน

รายการสื่อสารสนเทศ

ลำดับที่ ประเภท เลขเรียก/บาร์โค้ด สถานที่ สถานะ
- ไม่พบข้อมูล -

รายการใกล้เคียง
    หัวเรื่อง [ความคิดสร้างสรรค์]
    หัวเรื่อง [ความคิดและการคิด]

BibComment


ยังไม่เคยถูกคอมเมนท์

คอมเมนท์ทรัพยากรรายการนี้
  คอมเมนท์: คิดอย่างอัจฉริยะ ..


 Copyright 2026. Bcnsprnw @Library